Rodrigo Facio ante el clasicismo y el marxismo

محفوظ في:
التفاصيل البيبلوغرافية
المؤلف الرئيسي: Molina Jiménez, Carlos
التنسيق: نص
منشور في: Heredia: UNA. Departamento de Filosofía
الوسوم: إضافة وسم
لا توجد وسوم, كن أول من يضع وسما على هذه التسجيلة!

MARC

LEADER 00000 a a2200000 04500
001 16544
003
040
090 |a 012100  
100 |a Molina Jiménez, Carlos  
245 |a Rodrigo Facio ante el clasicismo y el marxismo  
260 |a Heredia:   |b UNA. Departamento de Filosofía  
300 |a 17 p.  
999 |c 12417  |d 12417